Gaming Quiz

Random Gaming or Pokémon Quiz

Super Pokemon Quiz (gen 1 - red,blue,yellow versions) Stats

 Plays Quiz not verified by Sporcle

Also try: Color My Game!
Challenge
Share
Tweet
Embed
Score 0/40 Timer 05:00
0 Plays Today
Question Answer % Correct
What level is Misty's Starmie?Level 21
74.8%
What TM does Brock give you once you defeat him?34
72.9%
Which pokemon does the helix fossil turn into after taking it to the pokeon lab in Cinnbar isle?Omanyte
72.7%
What is the accuracy of the move Supersonic?55
71.2%
How many floors are there in Silph Co. in Saphron City?11
68.7%
What pokemon can you catch using a glitch that includes battling the youngster with a slowpoke on the way to Bill's house, and using teleport/fly to avoid a battle?Mew
65.7%
What is the final form of this pokemon?Omastar
64.8%
At what level is your Rival's weakest Pokemon in the final battle?59
58.4%
What is the power of the move Egg Bomb?100
57.3%
What is the PP of the move Wing Attack?35
54.8%
What item do you need in order to wake up a Snorlax?Poke Flute
52.1%
How many floors are there in Mt Moon?3
51.5%
What tunnel is (almost) completely pitch black without Flash?Rock Tunnel
48.6%
What is the power of the move Rock Slide?75
47.2%
Where is the only place where you can catch a jigglypuff?Route 3
45.9%
What is the power of the move Surf?95
43.3%
How many Pokemon types does Lance use?4 (Dragon, Water, Flying, Rock)
42.9%
What is the accuracy of the move Toxic?85
42.6%
What is the highest level pokemon in all of the kanto gyms?Rhydon
38.8%
What is the only Pokemon you can catch with an old Rod?Magikarp
37.8%
Question Answer % Correct
What is Agatha's Highest level Pokemon?Gengar
37.8%
What is Bruno's Highest level Pokemon?Machamp
36.9%
Which bug/flying Pokemon is Not available to catch in Pokemon Blue?Scyther
35.7%
How many floors are there in the Seafoam Isles?5
35.5%
What is Lorelei's highest level Pokemon?Lapras
34.9%
What is the most powerful move in the game?Explosion
34%
Where is the name rater?Lavender Town
33.8%
What is the power of the move Self Destruct?200
33.2%
What is Sabrina's Highest level Pokemon?Alakazam
32.1%
Where is the only place in the game where you can catch a Raichu in the wild?The Power Plant
30.3%
What is Koga's highest level Pokemon?Weezing
30.2%
What is Blaine's highest level Pokemon?Arcanine
29.8%
What move in the game is exclusive to Goldeen and Seaking?Waterfall
28.9%
Which Normal pokemon in Not available to catch in Pokemon Red?Meowth
27.4%
At what level does this pokemon appear?7
26.1%
At the top of the department store in Celadon City, what TM would you get for fresh water?TM 13
21.8%
What is the cost of Ice Heal in Poke Marts?250
21.2%
What is the cost of iron in Poke Marts?9800
20.4%
What is the cost of any of the elemental stones?2100
9.4%
What Pokemon is number 61 in the Pokedex?Poliwhirl
8.9%

You're not logged in!

Compare scores with friends on all Sporcle quizzes.
Join for Free
OR
Log In

You Might Also Like...

Show Comments

Extras

Top Quizzes Today


Score Distribution

Your Account Isn't Verified!

In order to create a playlist on Sporcle, you need to verify the email address you used during registration. Go to your Sporcle Settings to finish the process.

Report this User

Report this user for behavior that violates our Community Guidelines.

Details: